LEADER 00932nam0-22003491i-450- 001 990003063590403321 005 20130214131454.0 010 $a0-19-828871-9 035 $a000306359 035 $aFED01000306359 035 $a(Aleph)000306359FED01 035 $a000306359 100 $a20030910d1994----km-y0itay50------ba 101 0 $aita 102 $aIT 200 1 $aEconomics of the Family$fAlessandro Cigno. 210 $aOxford$cClarendon Press$d1994. 215 $aVI, 212 p.$d21 cm 610 0 $aDemografia 610 0 $aFamiglia$aEconomia della riproduzione 610 0 $aFamiglia$aPolitica economica 676 $a15430 702 1$aCigno,$bAlessandro 801 0$aIT$bUNINA$gRICA$2UNIMARC 901 $aBK 912 $a990003063590403321 952 $a15430 CIG$b15156$fSES 952 $aI3.313$b5733$fDECTS 959 $aSES 959 $aDECTS 996 $aEconomics of the family$959828 997 $aUNINA LEADER 01396nam 2200481 450 001 9910465542403321 005 20200520144314.0 010 $a2-8062-7513-X 035 $a(CKB)3710000000685876 035 $a(EBL)4466670 035 $a(MiAaPQ)EBC4466670 035 $a(PPN)233387714 035 $a(Au-PeEL)EBL4466670 035 $a(CaPaEBR)ebr11224091 035 $a(OCoLC)952246560 035 $a(EXLCZ)993710000000685876 100 $a20160717h20162016 uy 0 101 0 $afre 135 $aur|n|---||||| 181 $2rdacontent 182 $2rdamedia 183 $2rdacarrier 200 10$aApple "Think different" $el'e?pope?e de la firme de Cupertino /$fpar Ariane de Saeger 210 1$aBruxelles, [Belgium] :$c50 Minutes,$d2016. 210 4$dİ2016 215 $a1 online resource (38 p.) 225 0 $aBusiness Stories ;$vNumero 6 300 $aDescription based upon print version of record. 311 $a2-8062-7514-8 320 $aIncludes bibliographical references. 410 0$aBusiness Stories 606 $aComputer industry 608 $aElectronic books. 615 0$aComputer industry. 676 $a338.47004 700 $aSaeger$b Ariane de$0865767 801 0$bMiAaPQ 801 1$bMiAaPQ 801 2$bMiAaPQ 906 $aBOOK 912 $a9910465542403321 996 $aApple "Think different"$92293759 997 $aUNINA